| 000 | 01046nam a2200289 i 4500 | ||
|---|---|---|---|
| 001 | 196286 | ||
| 003 | ES-MaACL | ||
| 005 | 20250721063452.0 | ||
| 008 | 240828b2024 sp ||||| |||| 00| 0 spa d | ||
| 017 |
_aOU 138-2024 _bOficina Depósito Legal Ourense |
||
| 020 | _a9788416643615 | ||
| 040 |
_bspa _cES-MaACL |
||
| 100 | 1 |
_9160949 _aVentura, Joaquim, _d1954- _eaut |
|
| 245 |
_aAs máscaras dos homes de Nós / _cJoaquim Ventura Ruiz |
||
| 260 |
_aOurense : _bArtes Gráficas Jadfel, _c2024 |
||
| 300 |
_a251 páginas ; _c24 cm |
||
| 336 |
_2rdacontent _atexto |
||
| 337 |
_2rdamedia _asin mediación |
||
| 338 |
_2rdacarrier _avolumen |
||
| 852 |
_aES-MaACL _cDEPOJ _jN-10137 _xEncuadernación rústica con solapas _hDonación: Joaquim Ventura Ruiz _9206269 |
||
| 903 |
_9160949 _aVentura, Joaquim, _d1954- _ednr |
||
| 942 |
_cMONOGRAFIA _n0 |
||
| 999 |
_c196286 _d196286 |
||